Rôznosť foriem úverového financovania
Rozdelenie formy úverov, ktoré je možné využiť pri obstarávaní majetku miestnymi samosprávami. Krátkodobé a strednodobé úvery - charakteristika. Dlhodobé úvery - úverové financovanie zaradené v tejto skupine. Transparentnosť výdavkov.
Enregistré dans:
| Auteur principal: | |
|---|---|
| Format: | Chapitre de livre |
| Langue: | slovaque |
| Sujets: | |
| Tags: |
Pas de tags, Soyez le premier à ajouter un tag!
|
MARC
| LEADER | 00000naa$a2200000$$$4500 | ||
|---|---|---|---|
| 001 | 0005880 | ||
| 005 | 20231016083416.0 | ||
| 041 | 0 | |a slo | |
| 044 | |a SK | ||
| 245 | 1 | 0 | |a Rôznosť foriem úverového financovania |c Radoslav Kožiak |
| 520 | |a Rozdelenie formy úverov, ktoré je možné využiť pri obstarávaní majetku miestnymi samosprávami. Krátkodobé a strednodobé úvery - charakteristika. Dlhodobé úvery - úverové financovanie zaradené v tejto skupine. Transparentnosť výdavkov. | ||
| 610 | 2 | 0 | |a úver |
| 610 | 2 | 0 | |a financovanie |
| 610 | 2 | 0 | |a samospráva miestna |
| 610 | 2 | 0 | |a úver dlhodobý |
| 610 | 2 | 0 | |a úver krátkodobý |
| 610 | 2 | 0 | |a úver strednodobý |
| 610 | 2 | 0 | |a výdavky |
| 100 | 1 | |a Kožiak, Radoslav | |